000 00541cam a2200181 a 4500
001 000002577
005 20200929150221.0
008 890630s1985 ck 001 0 spa
040 _aDO-SdBNP
_cDLC
_dDLC
082 _aCo864.44
_bA472b
100 1 _aAlvarado Tenorio, Harold,
_d1945-
_98113
245 1 0 _aBiblioteca /
_cHarold Alvarado Tenorio.
260 _aColombia :
_bPodenco,
_c1985.
300 _a260 p. ;
_c17 cm.
650 4 _aEnsayos colombiano
_98114
650 4 _aLiteratura colombiana
_91244
910 _aCatalogación por copia / LC
999 _c2413
_d2413